Top 20 Best Paid Cyclists of 2022 - Statistics

General Stats
  • This quiz has been taken 101 times
  • The average score is 12 of 20
Answer Stats
Hint Answer % Correct
€6.0 million Tadej Pogačar
100%
€2.2 million Wout van Aert
92%
€2.0 million Primoz Roglic
89%
€5.5 million Peter Sagan
88%
€2.0 million Mathieu van der Poel
82%
€5.5 million Chris Froome
76%
€3.5 million Geraint Thomas
76%
€2.8 million Egan Bernal
74%
€2.3 million Julian Alaphilippe
74%
€2.2 million Alejandro Valverde
62%
€2.2 million Richard Carapaz
58%
€2.0 million Adam Yates
57%
€2.0 million Thibaut Pinot
52%
€2.1 million Vincenzo Nibali
49%
€1.9 million Nairo Quintana
48%
€2.0 million Romain Bardet
48%
€2.0 million Jakob Fuglsang
29%
€2.5 million Michal Kwiatkowski
26%
€1.9 million Elia Viviani
14%
€1.8 million Fernando Gaviria
12%
No matching quizzes found
Score Distribution
Percent of People with Each Score
Percentile by Number Answered
Your Score History
You have not taken this quiz